Διηγήματα ; ; Με του βορηά τα κύματα

Αποθηκεύτηκε σε:
Λεπτομέρειες βιβλιογραφικής εγγραφής
Κύριος συγγραφέας: Μωραϊτίδης, Αλέξανδρος, 1850-1929
Μορφή: Βιβλίο
Γλώσσα:Greek
Δημοσίευση: Αθήναι : Σιδέρης, Ι.Ν., 1926
Θέματα:
Ετικέτες: Προσθήκη ετικέτας
Δεν υπάρχουν, Καταχωρήστε ετικέτα πρώτοι!

MARC

LEADER 00000cam a2200000 i 4500
001 1/93286
008 080905s1927 gre d
035 |l 10099936 
040 |a GR-MY-UA  |b gre  |e aacr 
041 0 |a gre 
082 0 |a 889.33  |2 (22) 
100 1 |a Μωραϊτίδης, Αλέξανδρος,   |d 1850-1929. 
245 1 0 |a Διηγήματα ; ; Με του βορηά τα κύματα /  |c Αλέξανδρου Μωραϊτίδου 
260 |a Αθήναι :   |b Σιδέρης, Ι.Ν.,   |c 1926 
300 |a π. 735 σ.;  |c 20 εκ. 
500 |a Το τεκμήριο περιλαμβάνει τον 1ο, 4ο και 5ο τόμου του έργου "Διηγήματα" και το έργο "Με του βορηά τα κύματα" μαζί 
500 |a Υπό του τίτλου του έργου "Με του βορηά τα κύματα": "Ταξείδια - περιγραφαί - εντυπώσεις Κωνσταντινούπολις, μετά πολλών εικόνων" 
500 |a Υπό του τίτλου των έργων: "Έκδοσις τιμητική επί τη πεντηκονταετηρίδι του συγγραφέως" 
500 |a Το Παράρτημα της Ρόδου διαθέτει την 2η έκδοση του έργου "Διηγήματα", 1926-1927 
505 0 |a Τ.1. Τα βακούφικα -- Με τα πανιά -- Νεράιδες -- Αρφανούλα -- Ο πτωχός και η μοίρα του.τ.4. Ο κυρ Μανωλάκης - Βαρυχειμωνιά -- Χριστός βοσκρές -- Σε μία παράκλησι -- Ψυχοσάββατον -- Χριστούγεννα σ' τον ύπνον μου -- Χριστούγεννα σ' της τρεις μπουκαίς.τ.5. Το τάξιμον 
650 0 0 |a Greek literature, Modern  |y 20th century. 
650 0 0 |a Travelers' writings, Greek. 
650 0 0 |a Short stories, Greek (Modern) 
740 0 2 |a Με του βορηά τα κύματα 
852 |a INST  |b RHODES  |c AKA  |e 20080905  |h  889.33 ΜΩΡ  |p 005400028731  |q 005400028731  |t BK  |y 0 
901 |a BIBL4-2008-3 
909 |a Ρ  |b 152844 
970 |a ΧΑΡΙΟΠΟΛΙΤΟΥ  |b ΚΩΝΣΤΑΝΤΙΝΑ  |z 2008/09/05